[Event "Grand Swiss "]
[Date "2025.09.11"]
[White "Santos Latasa, Jaime"]
[Black "Bjerre, Jonas Buhl"]
[WhiteElo "2620"]
[BlackElo "2651"]
[Round "7.7.43"]
[Result "0-1"]

1. d4 {[%clk 01:40:57] [%emt 00:00:02]} Nf6 {[%clk 01:40:53] [%emt 00:00:07]} 2.
c4 {[%clk 01:41:21] [%emt 00:00:07]} e6 {[%clk 01:41:17] [%emt 00:00:05]} 3. Nf3
{[%clk 01:41:48] [%emt 00:00:03]} b6 {[%clk 01:41:36] [%emt 00:00:11]} 4. g3
{[%clk 01:42:04] [%emt 00:00:15]} Ba6 {[%clk 01:41:52] [%emt 00:00:13]} 5. b3
{[%clk 01:42:15] [%emt 00:00:20]} d5 {[%clk 01:41:54] [%emt 00:00:27]} 6. Bg2
{[%clk 01:41:17] [%emt 00:01:28]} Bb4+ {[%clk 01:42:13] [%emt 00:00:11]} 7. Bd2
{[%clk 01:41:18] [%emt 00:00:30]} Bd6 {[%clk 01:42:23] [%emt 00:00:19]} 8. Nc3
{[%clk 01:36:41] [%emt 00:05:07]} O-O {[%clk 01:42:31] [%emt 00:00:22]} 9. O-O
{[%clk 01:36:00] [%emt 00:01:12]} Nbd7 {[%clk 01:42:56] [%emt 00:00:05]} 10. Nb5
{[%clk 01:31:26] [%emt 00:05:04]} Bxb5 {[%clk 01:33:53] [%emt 00:09:33]} 11.
cxb5 {[%clk 01:31:13] [%emt 00:00:43]} a6 {[%clk 01:33:04] [%emt 00:01:19]} 12.
bxa6 {[%clk 01:30:02] [%emt 00:01:42]} Rxa6 {[%clk 01:31:56] [%emt 00:01:37]}
13. a4 {[%clk 01:30:08] [%emt 00:00:24]} c5 {[%clk 01:24:35] [%emt 00:07:51]}
14. Bc3 {[%clk 01:28:00] [%emt 00:02:39]} Qa8 {[%clk 01:19:14] [%emt 00:05:51]}
15. e3 {[%clk 01:25:25] [%emt 00:03:05]} Rc8 {[%clk 01:04:28] [%emt 00:15:16]}
16. Nd2 {[%clk 01:22:37] [%emt 00:03:17]} cxd4 {[%clk 00:48:47] [%emt 00:16:12]}
17. Bxd4 {[%clk 01:22:51] [%emt 00:00:17]} e5 {[%clk 00:44:24] [%emt 00:04:52]}
18. Bb2 {[%clk 01:22:13] [%emt 00:01:08]} Qb8 {[%clk 00:44:18] [%emt 00:00:37]}
19. Nb1 {[%clk 01:09:37] [%emt 00:13:05]} e4 {[%clk 00:40:32] [%emt 00:04:16]}
20. Bh3 {[%clk 01:06:11] [%emt 00:03:56]} Be5 {[%clk 00:38:28] [%emt 00:02:34]}
21. Ra2 {[%clk 01:05:58] [%emt 00:00:43]} Rd8 {[%clk 00:35:11] [%emt 00:03:47]}
22. Bxd7 {[%clk 01:02:13] [%emt 00:04:15]} Rxd7 {[%clk 00:33:39] [%emt
00:02:01]} 23. Na3 {[%clk 01:02:28] [%emt 00:00:16]} h5 {[%clk 00:29:10] [%emt
00:04:59]} 24. h3 {[%clk 00:57:45] [%emt 00:05:13]} d4 {[%clk 00:22:42] [%emt
00:06:58]} 25. Bxd4 {[%clk 00:56:16] [%emt 00:02:00]} Bxd4 {[%clk 00:22:00]
[%emt 00:01:12]} 26. exd4 {[%clk 00:56:40] [%emt 00:00:06]} h4 {[%clk 00:21:16]
[%emt 00:01:15]} 27. g4 {[%clk 00:51:58] [%emt 00:05:11]} b5 {[%clk 00:16:59]
[%emt 00:04:47]} 28. Qe2 {[%clk 00:49:45] [%emt 00:02:43]} Rxd4 {[%clk 00:15:57]
[%emt 00:01:31]} 29. Nc2 {[%clk 00:48:33] [%emt 00:01:43]} Rd3 {[%clk 00:14:47]
[%emt 00:01:40]} 30. Ne3 {[%clk 00:48:59] [%emt 00:00:05]} Nh7 {[%clk 00:13:08]
[%emt 00:02:09]} 31. Rd1 {[%clk 00:46:27] [%emt 00:03:02]} Rxd1+ {[%clk
00:09:40] [%emt 00:03:58]} 32. Qxd1 {[%clk 00:46:31] [%emt 00:00:26]} Ng5 {[%clk
00:09:38] [%emt 00:00:32]} 33. Kg2 {[%clk 00:46:10] [%emt 00:00:51]} Nf3 {[%clk
00:06:07] [%emt 00:04:01]} 34. Nf1 {[%clk 00:46:00] [%emt 00:00:39]} Qe5 {[%clk
00:02:58] [%emt 00:03:41]} 35. Qa1 {[%clk 00:44:27] [%emt 00:02:03]} Qf4 {[%clk
00:02:48] [%emt 00:00:40]} 36. Qc3 {[%clk 00:43:34] [%emt 00:01:22]} Kh7 {[%clk
00:02:09] [%emt 00:01:09]} 37. Qe3 {[%clk 00:41:28] [%emt 00:02:36]} Qe5 {[%clk
00:02:31] [%emt 00:00:09]} 38. Re2 {[%clk 00:38:31] [%emt 00:03:28]} bxa4 {[%clk
00:01:23] [%emt 00:01:38]} 39. bxa4 {[%clk 00:37:13] [%emt 00:01:48]} Rxa4
{[%clk 00:01:39] [%emt 00:00:14]} 40. Rc2 {[%clk 00:37:32] [%emt 00:00:11]} Rd4
{[%clk 00:00:43] [%emt 00:01:26]} 41. Re2 {[%clk 00:36:26] [%emt 00:01:36]} f5
{[%clk 00:00:46] [%emt 00:00:27]} 42. gxf5 {[%clk 00:34:58] [%emt 00:01:58]}
Qxf5 {[%clk 00:38:10] [%emt 00:13:06]} 43. Nh2 {[%clk 01:23:56] [%emt 00:01:32]}
Rd1 {[%clk 00:36:51] [%emt 00:01:48]} 44. Nxf3 {[%clk 01:24:16] [%emt 00:00:10]}
exf3+ {[%clk 00:37:14] [%emt 00:00:08]} 45. Qxf3 {[%clk 01:24:43] [%emt
00:00:03]} Rg1+ {[%clk 00:37:28] [%emt 00:00:15]} 46. Kxg1 {[%clk 01:25:10]
[%emt 00:00:04]} Qxf3 {[%clk 00:37:54] [%emt 00:00:03]} 47. Re3 {[%clk 01:25:34]
[%emt 00:00:05]} Qd1+ {[%clk 00:38:11] [%emt 00:00:13]} 48. Kg2 {[%clk 01:25:56]
[%emt 00:00:09]} Qd5+ {[%clk 00:38:30] [%emt 00:00:10]} 49. Kg1 {[%clk 01:26:20]
[%emt 00:00:06]} Kg6 {[%clk 00:38:47] [%emt 00:00:13]} 50. Kh2 {[%clk 01:26:09]
[%emt 00:00:41]} Kf5 {[%clk 00:38:47] [%emt 00:00:30]} 51. Kg1 {[%clk 01:26:27]
[%emt 00:00:11]} Kf4 {[%clk 00:38:51] [%emt 00:00:26]} 52. Rc3 {[%clk 01:25:36]
[%emt 00:01:21]} Qd2 {[%clk 00:35:54] [%emt 00:03:27]} 53. Rc7 {[%clk 01:25:27]
[%emt 00:00:40]} Qe1+ {[%clk 00:35:32] [%emt 00:00:52]} 54. Kg2 {[%clk 01:25:32]
[%emt 00:00:26]} Qe4+ {[%clk 00:35:51] [%emt 00:00:10]} 55. Kg1 {[%clk 01:25:46]
[%emt 00:00:16]} Qg6+ {[%clk 00:34:49] [%emt 00:01:31]} 56. Kf1 {[%clk 01:26:00]
[%emt 00:00:16]} Qd3+ {[%clk 00:33:25] [%emt 00:01:54]} 57. Kg2 {[%clk 01:26:25]
[%emt 00:00:05]} Qd5+ {[%clk 00:32:07] [%emt 00:01:49]} 58. Kg1 {[%clk 01:26:38]
[%emt 00:00:18]} Qg5+ {[%clk 00:30:25] [%emt 00:02:11]} 59. Kf1 {[%clk 01:26:10]
[%emt 00:00:58]} Qe5 {[%clk 00:30:24] [%emt 00:00:31]} 60. Rf7+ {[%clk 01:25:38]
[%emt 00:01:01]} Kg5 {[%clk 00:29:12] [%emt 00:01:42]} 61. Kg1 {[%clk 01:17:40]
[%emt 00:08:28]} Kg6 {[%clk 00:29:12] [%emt 00:00:30]} 62. Rf8 {[%clk 01:17:22]
[%emt 00:00:49]} Qe4 {[%clk 00:27:57] [%emt 00:01:45]} 63. Rh8 {[%clk 01:15:34]
[%emt 00:02:18]} Kf7 {[%clk 00:27:41] [%emt 00:00:46]} 64. Rc8 {[%clk 01:09:15]
[%emt 00:06:50]} Qf3 {[%clk 00:27:51] [%emt 00:00:20]} 65. Rc7+ {[%clk 01:09:27]
[%emt 00:00:19]} Kf6 {[%clk 00:28:11] [%emt 00:00:10]} 0-1

[Site "Europe Echecs"]

[Event "Grand Swiss "]
[Date "2025.09.11"]
[White "Yuffa, Daniil"]
[Black "Kuzubov, Yuriy"]
[WhiteElo "2648"]
[BlackElo "2600"]
[Round "7.7.44"]
[Result "0-1"]

1. c4 {[%clk 01:40:47] [%emt 00:00:11]} e5 {[%clk 01:40:53] [%emt 00:00:07]} 2.
Nc3 {[%clk 01:40:47] [%emt 00:00:31]} Nc6 {[%clk 01:38:02] [%emt 00:03:20]} 3.
g3 {[%clk 01:40:15] [%emt 00:01:02]} f5 {[%clk 01:38:01] [%emt 00:00:30]} 4. Nf3
{[%clk 01:39:56] [%emt 00:00:50]} Nf6 {[%clk 01:36:38] [%emt 00:01:53]} 5. d4
{[%clk 01:39:42] [%emt 00:00:44]} e4 {[%clk 01:37:00] [%emt 00:00:07]} 6. Nh4
{[%clk 01:39:56] [%emt 00:00:16]} d5 {[%clk 01:36:37] [%emt 00:00:53]} 7. Bg5
{[%clk 01:34:44] [%emt 00:05:43]} Bb4 {[%clk 01:36:44] [%emt 00:00:23]} 8. e3
{[%clk 01:14:55] [%emt 00:20:18]} O-O {[%clk 01:35:02] [%emt 00:02:12]} 9. Ng2
{[%clk 01:07:16] [%emt 00:08:10]} h6 {[%clk 01:32:43] [%emt 00:02:48]} 10. Bxf6
{[%clk 01:03:18] [%emt 00:04:29]} Rxf6 {[%clk 01:33:08] [%emt 00:00:05]} 11. Nf4
{[%clk 01:01:51] [%emt 00:01:58]} dxc4 {[%clk 01:33:18] [%emt 00:00:20]} 12.
Bxc4+ {[%clk 01:01:38] [%emt 00:00:43]} Kh7 {[%clk 01:30:27] [%emt 00:03:20]}
13. h4 {[%clk 00:57:45] [%emt 00:04:24]} Bd6 {[%clk 01:18:03] [%emt 00:12:52]}
14. Ncd5 {[%clk 00:49:01] [%emt 00:09:14]} Rf8 {[%clk 01:16:59] [%emt 00:01:34]}
15. h5 {[%clk 00:48:23] [%emt 00:01:08]} Na5 {[%clk 01:06:04] [%emt 00:11:25]}
16. Be2 {[%clk 00:47:37] [%emt 00:01:17]} c6 {[%clk 01:05:25] [%emt 00:01:09]}
17. Nc3 {[%clk 00:47:59] [%emt 00:00:08]} Bd7 {[%clk 00:50:03] [%emt 00:15:52]}
18. Ng6 {[%clk 00:44:39] [%emt 00:03:50]} Rf7 {[%clk 00:38:17] [%emt 00:12:15]}
19. g4 {[%clk 00:38:10] [%emt 00:07:00]} Qg5 {[%clk 00:35:04] [%emt 00:03:42]}
20. Qc2 {[%clk 00:35:05] [%emt 00:03:36]} Re8 {[%clk 00:31:36] [%emt 00:03:57]}
21. O-O-O {[%clk 00:28:21] [%emt 00:07:15]} Kg8 {[%clk 00:14:48] [%emt
00:17:18]} 22. gxf5 {[%clk 00:18:00] [%emt 00:10:51]} Qxf5 {[%clk 00:11:43]
[%emt 00:03:35]} 23. Rhf1 {[%clk 00:15:03] [%emt 00:03:26]} b5 {[%clk 00:10:14]
[%emt 00:01:59]} 24. d5 {[%clk 00:13:03] [%emt 00:02:31]} Nb7 {[%clk 00:04:23]
[%emt 00:06:20]} 25. Kb1 {[%clk 00:13:19] [%emt 00:00:15]} b4 {[%clk 00:04:09]
[%emt 00:00:44]} 26. dxc6 {[%clk 00:13:37] [%emt 00:00:12]} Bxc6 {[%clk
00:04:35] [%emt 00:00:05]} 27. Na4 {[%clk 00:07:45] [%emt 00:06:22]} Rc8 {[%clk
00:04:49] [%emt 00:00:16]} 28. Rc1 {[%clk 00:05:10] [%emt 00:03:06]} Rfc7 {[%clk
00:03:58] [%emt 00:01:20]} 29. Rg1 {[%clk 00:04:47] [%emt 00:00:53]} Qa5 {[%clk
00:02:46] [%emt 00:01:41]} 30. Qb3+ {[%clk 00:04:34] [%emt 00:00:44]} Kh7 {[%clk
00:02:14] [%emt 00:01:01]} 31. Rxc6 {[%clk 00:03:37] [%emt 00:01:28]} Rxc6
{[%clk 00:02:40] [%emt 00:00:03]} 32. Bg4 {[%clk 00:02:46] [%emt 00:01:22]} Qg5
{[%clk 00:01:08] [%emt 00:02:02]} 33. Qe6 {[%clk 00:01:44] [%emt 00:01:32]} Nc5
{[%clk 00:01:00] [%emt 00:00:38]} 34. Nxc5 {[%clk 00:00:57] [%emt 00:01:16]}
Qxc5 {[%clk 00:01:26] [%emt 00:00:04]} 35. a3 {[%clk 00:00:33] [%emt 00:00:55]}
Qc2+ {[%clk 00:01:37] [%emt 00:00:19]} 36. Ka2 {[%clk 00:00:43] [%emt 00:00:20]}
bxa3 {[%clk 00:01:24] [%emt 00:00:42]} 37. Rb1 {[%clk 00:00:33] [%emt 00:00:41]}
axb2 {[%clk 00:01:37] [%emt 00:00:18]} 0-1

[Site "Europe Echecs"]

[Event "Grand Swiss "]
[Date "2025.09.11"]
[White "Svane, Frederik"]
[Black "Jobava, Baadur"]
[WhiteElo "2643"]
[BlackElo "2590"]
[Round "7.7.45"]
[Result "1/2-1/2"]

1. Nf3 {[%clk 01:40:58] [%emt 00:00:01]} d5 {[%clk 01:40:35] [%emt 00:00:26]} 2.
g3 {[%clk 01:41:23] [%emt 00:00:05]} Nd7 {[%clk 01:38:28] [%emt 00:02:37]} 3. d4
{[%clk 01:41:38] [%emt 00:00:15]} Nb6 {[%clk 01:38:46] [%emt 00:00:12]} 4. b3
{[%clk 01:39:56] [%emt 00:02:12]} Bf5 {[%clk 01:38:01] [%emt 00:01:14]} 5. Nh4
{[%clk 01:39:53] [%emt 00:00:34]} Be4 {[%clk 01:35:48] [%emt 00:02:42]} 6. f3
{[%clk 01:39:56] [%emt 00:00:27]} Bg6 {[%clk 01:36:13] [%emt 00:00:06]} 7. Bb2
{[%clk 01:38:45] [%emt 00:01:42]} e6 {[%clk 01:36:07] [%emt 00:00:35]} 8. e4
{[%clk 01:28:01] [%emt 00:11:14]} Nf6 {[%clk 01:33:19] [%emt 00:03:18]} 9. Nd2
{[%clk 01:18:24] [%emt 00:10:06]} Bb4 {[%clk 01:30:41] [%emt 00:03:08]} 10. c3
{[%clk 01:13:10] [%emt 00:05:44]} Be7 {[%clk 01:31:04] [%emt 00:00:07]} 11. c4
{[%clk 01:12:24] [%emt 00:01:17]} Bb4 {[%clk 00:56:59] [%emt 00:34:35]} 12. exd5
{[%clk 00:44:14] [%emt 00:28:40]} exd5 {[%clk 00:56:39] [%emt 00:00:50]} 13. c5
{[%clk 00:44:37] [%emt 00:00:07]} Nbd7 {[%clk 00:50:55] [%emt 00:06:13]} 14.
Qe2+ {[%clk 00:43:33] [%emt 00:01:29]} Kf8 {[%clk 00:45:12] [%emt 00:06:19]} 15.
a3 {[%clk 00:43:45] [%emt 00:00:18]} Bxd2+ {[%clk 00:45:17] [%emt 00:00:26]} 16.
Qxd2 {[%clk 00:44:09] [%emt 00:00:06]} h6 {[%clk 00:34:51] [%emt 00:10:57]} 17.
Nxg6+ {[%clk 00:31:37] [%emt 00:13:02]} fxg6 {[%clk 00:35:03] [%emt 00:00:17]}
18. Bh3 {[%clk 00:32:04] [%emt 00:00:02]} Kf7 {[%clk 00:33:07] [%emt 00:02:26]}
19. O-O {[%clk 00:32:27] [%emt 00:00:08]} Re8 {[%clk 00:33:25] [%emt 00:00:12]}
20. Rae1 {[%clk 00:32:49] [%emt 00:00:06]} Rxe1 {[%clk 00:29:59] [%emt
00:03:58]} 21. Rxe1 {[%clk 00:33:16] [%emt 00:00:03]} Nf8 {[%clk 00:30:24] [%emt
00:00:05]} 22. Bc1 {[%clk 00:26:11] [%emt 00:07:35]} g5 {[%clk 00:29:55] [%emt
00:00:58]} 23. Qd1 {[%clk 00:23:12] [%emt 00:03:29]} c6 {[%clk 00:24:49] [%emt
00:05:36]} 24. f4 {[%clk 00:20:36] [%emt 00:03:06]} gxf4 {[%clk 00:25:07] [%emt
00:00:12]} 25. Bxf4 {[%clk 00:21:03] [%emt 00:00:03]} Kg8 {[%clk 00:25:22] [%emt
00:00:15]} 26. Bf5 {[%clk 00:18:20] [%emt 00:03:13]} Qa5 {[%clk 00:23:53] [%emt
00:01:59]} 27. Re7 {[%clk 00:12:34] [%emt 00:06:15]} Re8 {[%clk 00:21:52] [%emt
00:02:32]} 28. Rxe8 {[%clk 00:05:11] [%emt 00:07:54]} Nxe8 {[%clk 00:22:16]
[%emt 00:00:05]} 29. Qe2 {[%clk 00:05:39] [%emt 00:00:02]} Kf7 {[%clk 00:11:30]
[%emt 00:11:16]} 30. Bc8 {[%clk 00:05:27] [%emt 00:00:42]} Qxa3 {[%clk 00:07:55]
[%emt 00:04:05]} 31. Bxb7 {[%clk 00:02:08] [%emt 00:03:50]} Nf6 {[%clk 00:08:09]
[%emt 00:00:15]} 32. Qd1 {[%clk 00:01:39] [%emt 00:00:59]} Ne6 {[%clk 00:08:08]
[%emt 00:00:31]} 33. Be5 {[%clk 00:01:17] [%emt 00:00:52]} Nd8 {[%clk 00:04:35]
[%emt 00:04:04]} 34. Bc8 {[%clk 00:01:44] [%emt 00:00:03]} Ne4 {[%clk 00:04:46]
[%emt 00:00:19]} 35. Bf5 {[%clk 00:00:31] [%emt 00:01:43]} g6 {[%clk 00:01:29]
[%emt 00:03:47]} 36. Bxe4 {[%clk 00:00:38] [%emt 00:00:23]} dxe4 {[%clk
00:01:54] [%emt 00:00:05]} 37. Qf1+ {[%clk 00:01:02] [%emt 00:00:06]} Ke8 {[%clk
00:02:19] [%emt 00:00:05]} 38. Bd6 {[%clk 00:00:32] [%emt 00:01:00]} Kd7 {[%clk
00:01:20] [%emt 00:01:30]} 39. d5 {[%clk 00:00:34] [%emt 00:00:28]} Qxb3 {[%clk
00:01:18] [%emt 00:00:32]} 40. dxc6+ {[%clk 00:00:31] [%emt 00:00:34]} Kxc6
{[%clk 00:00:37] [%emt 00:01:10]} 41. Qa6+ {[%clk 00:39:56] [%emt 00:11:05]} Kd5
{[%clk 00:49:44] [%emt 00:01:23]} 42. Qxa7 {[%clk 00:40:11] [%emt 00:00:15]}
Qd1+ {[%clk 00:28:03] [%emt 00:22:11]} 43. Kg2 {[%clk 00:40:05] [%emt 00:00:15]}
Qe2+ {[%clk 00:25:27] [%emt 00:03:27]} 44. Kh3 {[%clk 00:40:31] [%emt 00:00:04]}
e3 {[%clk 00:09:04] [%emt 00:16:52]} 45. Qa8+ {[%clk 00:09:00] [%emt 00:32:01]}
Nc6 {[%clk 00:09:29] [%emt 00:00:05]} 46. Qg8+ {[%clk 00:09:28] [%emt 00:00:02]}
Kd4 {[%clk 00:09:54] [%emt 00:00:05]} 47. Qg7+ {[%clk 00:09:56] [%emt 00:00:03]}
Kc4 {[%clk 00:10:03] [%emt 00:00:20]} 48. Qf7+ {[%clk 00:10:23] [%emt 00:00:03]}
Kc3 {[%clk 00:10:06] [%emt 00:00:27]} 49. Qf6+ {[%clk 00:10:47] [%emt 00:00:07]}
Kb4 {[%clk 00:05:36] [%emt 00:04:59]} 50. g4 {[%clk 00:10:22] [%emt 00:00:54]}
g5 {[%clk 00:04:50] [%emt 00:01:17]} 51. Qf5 {[%clk 00:06:14] [%emt 00:04:39]}
Kb5 {[%clk 00:02:59] [%emt 00:02:21]} 52. Qb1+ {[%clk 00:02:35] [%emt 00:04:09]}
Nb4 {[%clk 00:02:16] [%emt 00:01:13]} 53. Qf5 {[%clk 00:03:02] [%emt 00:00:03]}
Nc6 {[%clk 00:01:44] [%emt 00:01:02]} 54. Qb1+ {[%clk 00:03:26] [%emt 00:00:05]}
Nb4 {[%clk 00:02:11] [%emt 00:00:03]} 55. Qf5 {[%clk 00:03:48] [%emt 00:00:08]}
Nd3 {[%clk 00:01:21] [%emt 00:01:20]} 56. Qd7+ {[%clk 00:02:24] [%emt 00:01:54]}
Kc4 {[%clk 00:01:44] [%emt 00:00:07]} 57. Qe6+ {[%clk 00:02:01] [%emt 00:00:53]}
Kc3 {[%clk 00:01:48] [%emt 00:00:26]} 58. Be5+ {[%clk 00:02:27] [%emt 00:00:05]}
Kb4 {[%clk 00:01:39] [%emt 00:00:38]} 59. Qb6+ {[%clk 00:02:08] [%emt 00:00:49]}
Kc4 {[%clk 00:02:05] [%emt 00:00:04]} 60. Qe6+ {[%clk 00:02:17] [%emt 00:00:21]}
Kxc5 {[%clk 00:02:14] [%emt 00:00:21]} 61. Qd6+ {[%clk 00:02:05] [%emt
00:00:41]} Kb5 {[%clk 00:00:46] [%emt 00:01:59]} 62. Qd7+ {[%clk 00:02:23] [%emt
00:00:06]} Kc4 {[%clk 00:12:24] [%emt 00:03:58]} 63. Qd4+ {[%clk 00:17:47] [%emt
00:00:03]} 1/2-1/2

[Site "Europe Echecs"]

[Event "Grand Swiss "]
[Date "2025.09.11"]
[White "Aryan Chopra"]
[Black "Amin, Bassem"]
[WhiteElo "2619"]
[BlackElo "2636"]
[Round "7.7.46"]
[Result "1/2-1/2"]

1. d4 {[%clk 01:40:55] [%emt 00:00:04]} Nf6 {[%clk 01:39:45] [%emt 00:01:14]} 2.
c4 {[%clk 01:41:20] [%emt 00:00:06]} g6 {[%clk 01:38:50] [%emt 00:01:24]} 3. Nc3
{[%clk 01:41:42] [%emt 00:00:08]} Bg7 {[%clk 01:39:13] [%emt 00:00:08]} 4. e4
{[%clk 01:42:05] [%emt 00:00:07]} d6 {[%clk 01:39:39] [%emt 00:00:04]} 5. Nf3
{[%clk 01:42:30] [%emt 00:00:04]} O-O {[%clk 01:40:01] [%emt 00:00:08]} 6. Be2
{[%clk 01:42:56] [%emt 00:00:05]} e5 {[%clk 01:40:23] [%emt 00:00:08]} 7. O-O
{[%clk 01:43:19] [%emt 00:00:06]} Re8 {[%clk 01:37:19] [%emt 00:03:34]} 8. d5
{[%clk 01:39:17] [%emt 00:04:32]} a5 {[%clk 01:36:52] [%emt 00:00:57]} 9. Ne1
{[%clk 01:39:34] [%emt 00:00:13]} Na6 {[%clk 01:37:03] [%emt 00:00:19]} 10. Nd3
{[%clk 01:32:26] [%emt 00:07:38]} b6 {[%clk 01:35:48] [%emt 00:01:45]} 11. g4
{[%clk 01:24:30] [%emt 00:08:26]} Rf8 {[%clk 01:30:26] [%emt 00:05:51]} 12. Kh1
{[%clk 01:14:47] [%emt 00:10:13]} Nc5 {[%clk 01:28:49] [%emt 00:02:07]} 13. Nxc5
{[%clk 01:14:59] [%emt 00:00:18]} dxc5 {[%clk 01:28:38] [%emt 00:00:42]} 14. Rg1
{[%clk 01:07:59] [%emt 00:07:30]} Ne8 {[%clk 01:26:58] [%emt 00:02:10]} 15. Be3
{[%clk 01:08:26] [%emt 00:00:04]} Kh8 {[%clk 01:15:52] [%emt 00:11:36]} 16. Qd2
{[%clk 01:02:17] [%emt 00:06:38]} Nd6 {[%clk 01:08:18] [%emt 00:08:04]} 17. Rg2
{[%clk 00:47:00] [%emt 00:15:48]} Qe7 {[%clk 01:05:31] [%emt 00:03:17]} 18. Rag1
{[%clk 00:46:17] [%emt 00:01:13]} Bd7 {[%clk 01:03:55] [%emt 00:02:05]} 19. f3
{[%clk 00:42:03] [%emt 00:04:44]} Bf6 {[%clk 00:56:53] [%emt 00:07:33]} 20. g5
{[%clk 00:29:23] [%emt 00:13:10]} Bg7 {[%clk 00:57:16] [%emt 00:00:06]} 21. h4
{[%clk 00:29:50] [%emt 00:00:03]} f5 {[%clk 00:56:10] [%emt 00:01:36]} 22. Rh2
{[%clk 00:25:52] [%emt 00:04:28]} Qe8 {[%clk 00:46:47] [%emt 00:09:53]} 23. Bd3
{[%clk 00:25:12] [%emt 00:01:11]} f4 {[%clk 00:43:58] [%emt 00:03:19]} 24. Bf2
{[%clk 00:25:38] [%emt 00:00:04]} h6 {[%clk 00:37:07] [%emt 00:07:21]} 25. gxh6
{[%clk 00:26:04] [%emt 00:00:05]} Bf6 {[%clk 00:36:10] [%emt 00:01:26]} 26. Be1
{[%clk 00:26:06] [%emt 00:00:28]} Kh7 {[%clk 00:34:41] [%emt 00:01:59]} 27. Nd1
{[%clk 00:22:55] [%emt 00:03:41]} Qe7 {[%clk 00:35:03] [%emt 00:00:07]} 28. Bf1
{[%clk 00:19:00] [%emt 00:04:26]} Rh8 {[%clk 00:31:46] [%emt 00:03:47]} 29. h5
{[%clk 00:12:53] [%emt 00:06:37]} g5 {[%clk 00:29:08] [%emt 00:03:08]} 30. Nf2
{[%clk 00:13:19] [%emt 00:00:05]} Kxh6 {[%clk 00:26:06] [%emt 00:03:32]} 31. Qe2
{[%clk 00:07:18] [%emt 00:06:31]} Kg7 {[%clk 00:23:23] [%emt 00:03:12]} 32. Bh3
{[%clk 00:07:13] [%emt 00:00:35]} Rxh5 {[%clk 00:22:00] [%emt 00:01:53]} 33.
Bxd7 {[%clk 00:07:38] [%emt 00:00:05]} Rxh2+ {[%clk 00:22:19] [%emt 00:00:11]}
34. Kxh2 {[%clk 00:08:04] [%emt 00:00:04]} Qxd7 {[%clk 00:22:42] [%emt
00:00:07]} 35. Ng4 {[%clk 00:08:30] [%emt 00:00:03]} Kg6 {[%clk 00:11:32] [%emt
00:11:40]} 36. Bc3 {[%clk 00:07:14] [%emt 00:01:46]} Rh8+ {[%clk 00:11:24] [%emt
00:00:38]} 37. Kg2 {[%clk 00:07:41] [%emt 00:00:04]} Qe8 {[%clk 00:11:38] [%emt
00:00:16]} 38. b3 {[%clk 00:06:48] [%emt 00:01:23]} Rh4 {[%clk 00:11:25] [%emt
00:00:42]} 39. Rh1 {[%clk 00:07:02] [%emt 00:00:17]} Qh8 {[%clk 00:07:30] [%emt
00:04:25]} 40. Qf1 {[%clk 00:03:09] [%emt 00:04:24]} Bg7 {[%clk 00:01:15] [%emt
00:06:45]} 41. Be1 {[%clk 00:47:32] [%emt 00:06:07]} Rxh1 {[%clk 00:48:48] [%emt
00:02:57]} 42. Qxh1 {[%clk 00:47:57] [%emt 00:00:04]} Qxh1+ {[%clk 00:46:42]
[%emt 00:02:37]} 43. Kxh1 {[%clk 00:46:46] [%emt 00:01:42]} Kh5 {[%clk 00:46:50]
[%emt 00:00:22]} 44. Nf2 {[%clk 00:46:15] [%emt 00:01:01]} Nf7 {[%clk 00:26:50]
[%emt 00:20:29]} 1/2-1/2

[Site "Europe Echecs"]